书目信息 |
| 题名: |
工业企业供电
|
|
| 作者: | 王艳华 主编 | |
| 分册: | ||
| 出版信息: | 北京 中国电力出版社 2019.10 |
|
| 页数: | 288页 | |
| 开本: | 19cm | |
| 丛书名: | ||
| 单 册: | ||
| 中图分类: | TM727.3 | |
| 科图分类: | ||
| 主题词: | 工业用电--供电--高等职业教育--教材 | |
| 电子资源: | ||
| ISBN: | 978-7-5198-3959-8 | |
| 000 | 01028nam0 2200241 450 | |
| 001 | 012019237603 | |
| 005 | 20200525174104.6 | |
| 010 | @a978-7-5198-3959-8@dCNY49.00 | |
| 100 | @a20200525d2019 em y0chiy0110 ea | |
| 101 | 0 | @achi |
| 102 | @aCN@b110000 | |
| 105 | @af z 000zy | |
| 106 | @ar | |
| 200 | 1 | @a工业企业供电@9Gong Ye Qi Ye Gong Dian @f王艳华主编 |
| 205 | @a3版 | |
| 210 | @a北京@c中国电力出版社@d2019.10 | |
| 215 | @a288页@d19cm | |
| 330 | @a本书主要介绍了大中型(含小型)企业供电系统,共分十章,包括概述、电力负荷及其计算、电力线路、短路电流计算、电气设备及其选择、继电保护、二次接线及自动装置、供电质量的提高与电能节约、电气照明、供电系统的运行与管理等内容。本书在第一版的基础上,根据供电技术的发展增加了GIS组合电器、配电自动化系统、供电系统的运行与管理等内容,体现了现代职业教育侧重能力培养的理念和侧重技术应用的要求。 | |
| 606 | 0 | @a工业用电@x供电@x高等职业教育@j教材 |
| 690 | 0 | @aTM727.3@v5 |
| 701 | 0 | @a王艳华@9Wang Yan Hua @4主编 |
| 801 | 0 | @aCN@b人天书店@c20200525 |
| 905 | @aTSG@dTM727.3@eW412@f2 | |
| 工业企业供电/王艳华主编.-3版.-北京:中国电力出版社,2019.10 |
| 288页;19cm |
| ISBN 978-7-5198-3959-8:CNY49.00 |
| 本书主要介绍了大中型(含小型)企业供电系统,共分十章,包括概述、电力负荷及其计算、电力线路、短路电流计算、电气设备及其选择、继电保护、二次接线及自动装置、供电质量的提高与电能节约、电气照明、供电系统的运行与管理等内容。本书在第一版的基础上,根据供电技术的发展增加了GIS组合电器、配电自动化系统、供电系统的运行与管理等内容,体现了现代职业教育侧重能力培养的理念和侧重技术应用的要求。 |
| ● |
| 相关链接 |
|
|
|
正题名:工业企业供电
索取号:TM727.3/W412
 
预约/预借
| 序号 | 登录号 | 条形码 | 馆藏地/架位号 | 状态 | 备注 |
| 1 | 1539355 | 215393553 | 自科库301/301自科库 18排3列4层/ [索取号:TM727.3/W412] | 在馆 | |
| 2 | 1539356 | 215393562 | 自科库301/301自科库 18排3列4层/ [索取号:TM727.3/W412] | 在馆 |